| 000 | 01197cam a2200325 i 4500 | ||
|---|---|---|---|
| 001 | 2283253 | ||
| 003 | GBCCL | ||
| 005 | 20251106145755.0 | ||
| 008 | 791220s1979 ctuaf b 001 0ceng | ||
| 020 |
_a0879832061 : _c$5.95 |
||
| 020 | _a9780879832063 | ||
| 035 | _a2283253 | ||
| 040 |
_aDLC _cDLC _dDLC |
||
| 082 | 0 | 0 |
_a232.95 _bBRU 1 |
| 100 | 1 |
_aBruce, Alexander Balmain, _d1831-1899. |
|
| 245 | 1 | 4 |
_aThe training of the twelve : _bor, Passages out of the Gospels : exhibiting the twelve disciples of Jesus under discipline for the apostleship / _cby Alexander Balmain Bruce. |
| 250 | _a4th ed., rev. and improved. | ||
| 260 |
_aNew Canaan, Conn. : _bKeats Pub., _c1979. |
||
| 300 |
_axvii, 552 p., [4] leaves of plates : _bill. ; _c21 cm. |
||
| 336 |
_atext _btxt _2rdacontent |
||
| 337 |
_aunmediated _bn _2rdamedia |
||
| 338 |
_avolume _bnc _2rdacarrier |
||
| 490 | 0 | _aA Shepherd illustrated classic | |
| 504 | _aIncludes bibliographical references and index. | ||
| 630 | 0 | 0 |
_aBible. _pNew Testament _xBiography. |
| 650 | 0 | _aApostles. | |
| 906 |
_a7 _bcbc _corignew _d2 _eopcn _f19 _gy-gencatlg |
||
| 942 |
_2ddc _cBK _n0 |
||
| 999 |
_c10987 _d10987 |
||